Țările care încep cu litera B - Statistics

General Stats
  • This quiz has been taken 17 times
  • The average score is 10 of 18
Answer Stats
Ţară % Correct
Bahrain
75%
Bangladesh
75%
Barbados
75%
Belgia
75%
Bhutan
75%
Bulgaria
75%
Bahamas
50%
Belize
50%
Benin
50%
Birmania
50%
Bolivia
50%
Bosnia și Herțegovina
50%
Botswana
50%
Brazilia
50%
Burkina Faso
50%
Burundi
50%
Belarus
25%
Brunei
25%
No matching quizzes found
Score Distribution
Percent of People with Each Score
Percentile by Number Answered
Your Score History
You have not taken this quiz